000
00305nam a2200097Ia 4500
008
230206s9999 xx 000 0 und d
041
_a
eng
100
_a
T. S. Ravisankar, Ed.
_9
119211
245
_a
Prajanan : Journal of Social Management Sciences
260
_c
1997
_b
National Institute of Bank Management
_a
Pune
999
_c
97660
_d
97660